Диффузия в твердых телах: пер. с англ.

Detalhes bibliográficos
Autor principal: Мерер Х. Хельмут
Resumo:Книга известного немецкого специалиста рассматривает фундаментальные проблемы диффузии в твердых телах - важной части физики твердого тела, физической металлургии, материаловедения и физической химии.Изложение начинается с основных понятий, таких как континуальное описание и законы Фика, теория случайных блужданий, точечные дефекты, корреляционные эффекты, зависимости от температуры, давления и массы изотопов, диффузия с внешней движущей силой, связь между диффузией и термодинамикой необратимых процессов. Описаны экспериментальные методы определения коэффициентов диффузии. Рассмотрены диффузионные процессы в различных классах материалов: металлах, интерметаллических и квазикристаллических сплавах; полупроводниках; ионных материалах, включая суперионные проводники; в металлических и оксидных стеклах, а также каналы ускоренной диффузии (по границам зерен и дислокациям) и диффузия в наноматериалах. Большое внимание в монографии уделяется анализу моделей рассматриваемых явлений и их математическому описанию. Книга будет полезна студентам, ученым и специалистам, работающим в различных областях материаловедения, химии и прикладной физики.
Idioma:russo
Publicado em: Долгопрудный, Интеллект, 2011
Assuntos:
Formato: Livro
KOHA link:https://koha.lib.tpu.ru/cgi-bin/koha/opac-detail.pl?biblionumber=190563

MARC

LEADER 00000nam0a2200000 4500
001 190563
005 20231101224307.0
010 |a 9785915590679 
035 |a (RuTPU)RU\TPU\book\207687 
090 |a 190563 
100 |a 20110126d2011 k y0rusy50 ca 
101 1 |a rus  |c eng 
102 |a RU 
105 |a a z 001zy 
200 1 |a Диффузия в твердых телах  |e пер. с англ.  |f Х. Мерер 
210 |a Долгопрудный  |c Интеллект  |d 2011 
215 |a 536 с.  |c ил. 
320 |a Библиогр. в конце гл. 
330 |a Книга известного немецкого специалиста рассматривает фундаментальные проблемы диффузии в твердых телах - важной части физики твердого тела, физической металлургии, материаловедения и физической химии.Изложение начинается с основных понятий, таких как континуальное описание и законы Фика, теория случайных блужданий, точечные дефекты, корреляционные эффекты, зависимости от температуры, давления и массы изотопов, диффузия с внешней движущей силой, связь между диффузией и термодинамикой необратимых процессов. Описаны экспериментальные методы определения коэффициентов диффузии. Рассмотрены диффузионные процессы в различных классах материалов: металлах, интерметаллических и квазикристаллических сплавах; полупроводниках; ионных материалах, включая суперионные проводники; в металлических и оксидных стеклах, а также каналы ускоренной диффузии (по границам зерен и дислокациям) и диффузия в наноматериалах. Большое внимание в монографии уделяется анализу моделей рассматриваемых явлений и их математическому описанию. Книга будет полезна студентам, ученым и специалистам, работающим в различных областях материаловедения, химии и прикладной физики. 
606 1 |a Диффузия в твердых телах  |2 stltpush  |3 (RuTPU)RU\TPU\subj\9754  |9 36930 
610 1 |a диффузия 
610 1 |a твердые тела 
610 1 |a диффузионные уравнения 
610 1 |a случайные блуждания 
610 1 |a атомы 
610 1 |a кристаллы 
610 1 |a металлы 
610 1 |a сплавы 
610 1 |a ионные соединения 
610 1 |a корреляции 
610 1 |a изотопный состав 
610 1 |a эффект Клинкенберга 
610 1 |a термодинамика 
610 1 |a необратимые процессы 
610 1 |a спектроскопия 
610 1 |a ядерные методы 
610 1 |a электрические методы 
610 1 |a самодиффузия 
610 1 |a полупроводники 
610 1 |a ионные кристаллы 
610 1 |a суперионные проводники 
610 1 |a стекло 
610 1 |a металлические стекла 
610 1 |a оксидные стекла 
610 1 |a зеренная структура 
610 1 |a каналы ускоренной диффузии 
610 1 |a нанокристаллические материалы 
610 1 |a дислокационные трубы 
675 |a 539.219  |v 3 
700 1 |a Мерер  |b Х.  |g Хельмут 
801 1 |a RU  |b 63413507  |c 20110126 
801 2 |a RU  |b 63413507  |c 20150519  |g RCR 
942 |c BK 
959 |a 11/20110125  |d 2  |e 1430,00  |f УФ:1  |f ЧЗТЛ:1